[Event "40th Olympiad Women"]
[Site "Istanbul TUR"]
[Date "2012.09.09"]
[Round "11.27"]
[Board "2"]
[White "Hamid, Rani"]
[Black "Isaeva, Aknyr"]
[Result "1-0"]
[WhiteTitle "WIM"]
[WhiteElo "1952"]
[BlackElo "2011"]
[WhiteTeam "Bangladesh"]
[BlackTeam "Turkmenistan"]
[WhiteFideId "10200096"]
[BlackFideId "14000989"]
[EventDate "2012.08.28"]

1. e4 c5 2. Nf3 Nc6 3. d4 cxd4 4. Nxd4 g6 5. Nc3 Bg7 6. Be3 Nf6 7. Be2 O-O 8.
O-O d5 9. exd5 Nxd5 10. Nxd5 Qxd5 11. Bf3 Qc4 12. Nxc6 bxc6 13. c3 Be6 14. Re1
a5 15. Qc1 a4 16. Bh6 Rab8 17. Re4 Qc5 18. Bxg7 Kxg7 19. Rh4 Rh8 20. Qh6+ Kg8
21. Rxa4 Qe5 22. Rd1 Bd5 23. Bxd5 cxd5 24. Rad4 Rxb2 25. h3 Qe2 26. R4d2 Rxd2
27. Rxd2 Qc4 28. Rb2 Qc8 29. a4 f6 30. Rb5 Kf7 31. Qd2 e6 32. Qb2 Re8 33. Rb7+
Re7 34. Rb8 Qa6 35. Rh8 e5 36. Rxh7+ Ke6 37. Rh8 Rb7 38. Qc2 e4 39. Qd1 Qd3 40.
Qg4+ Kd6 41. Qxg6 Qxc3 42. Rd8+ Kc7 43. Rxd5 Qe1+ 44. Kh2 Qxf2 45. Qxe4 Qb6 46.
Qf4+ Kc8 47. Rb5 Qc6 48. Qf5+ Kb8 49. Rxb7+ Kxb7 50. Qb5+ Qxb5 51. axb5 Kb6 52.
h4 Kxb5 53. h5 1-0

[Event "40th Olympiad Women"]
[Site "Istanbul TUR"]
[Date "2012.09.09"]
[Round "11.27"]
[Board "3"]
[White "Atabayeva, Gozel"]
[Black "Sultana, Zakia"]
[Result "1-0"]
[WhiteTitle "WFM"]
[BlackTitle "WFM"]
[WhiteElo "2076"]
[BlackElo "1987"]
[WhiteTeam "Turkmenistan"]
[BlackTeam "Bangladesh"]
[WhiteFideId "14001896"]
[BlackFideId "10201220"]
[EventDate "2012.08.28"]

1. e4 e6 2. d4 d5 3. Nd2 dxe4 4. Nxe4 Nd7 5. Nf3 Be7 6. Bd3 Ngf6 7. O-O O-O 8.
Re1 c5 9. c3 b6 10. Ng3 Qc7 11. Qe2 cxd4 12. Nxd4 Nc5 13. Bc4 a5 14. Ngf5 Ba6
15. Bxa6 Nxa6 16. Nxe7+ Qxe7 17. Bg5 h6 18. Nf5 Qd8 19. Rad1 hxg5 20. Rxd8 Rfxd8
21. Ne7+ Kf8 22. Nc6 Rd5 23. Rd1 Nc7 24. Rxd5 Ncxd5 25. Qe5 g4 26. c4 Nb4 27.
Qd6+ Kg8 28. Nxb4 axb4 29. Qxb4 Rxa2 30. f3 Ra1+ 31. Kf2 gxf3 32. gxf3 Rc1 33.
b3 Rc2+ 34. Ke3 e5 35. Qxb6 Rc3+ 36. Ke2 Rc2+ 37. Kd3 Rb2 38. Kc3 Rxh2 39. Qb8+
Kh7 40. Qxe5 Rh5 41. Qf4 Rc5 42. Kd4 Rc6 43. b4 Kg8 44. c5 Nd7 45. Qe4 Re6 46.
Qa8+ Kh7 47. b5 g6 48. c6 Rd6+ 49. Ke3 Nb6 50. Qf8 Nc4+ 51. Kf2 Rf6 52. c7 Nb6
53. c8=Q Nxc8 54. Qxc8 Rb6 55. Qc5 1-0

[Event "40th Olympiad Women"]
[Site "Istanbul TUR"]
[Date "2012.09.09"]
[Round "11.28"]
[Board "1"]
[White "Khoudgarian, Natalia"]
[Black "Abarca Gonzalez, Damaris"]
[Result "0-1"]
[WhiteTitle "WIM"]
[WhiteElo "2158"]
[BlackElo "2024"]
[WhiteTeam "Canada"]
[BlackTeam "Chile"]
[WhiteFideId "2602121"]
[BlackFideId "3409414"]
[EventDate "2012.08.28"]

1. e4 e5 2. Nf3 Nc6 3. Nc3 Nf6 4. d4 exd4 5. Nxd4 Bb4 6. Nxc6 bxc6 7. Bd3 d5 8.
exd5 cxd5 9. O-O O-O 10. Bg5 c6 11. Qf3 Be7 12. Rfe1 Rb8 13. Qe3 Be6 14. Qxa7
Qd6 15. Qd4 Rb4 16. Qe5 Qd8 17. a3 Rb7 18. Bf4 Ng4 19. Qh5 g6 20. Qh3 Nxf2 21.
Qg3 Bh4 22. Bg5 Bxg3 23. Bxd8 Nxd3 0-1

[Event "40th Olympiad Women"]
[Site "Istanbul TUR"]
[Date "2012.09.09"]
[Round "11.28"]
[Board "3"]
[White "Orlova, Yelizaveta"]
[Black "Larrachea Formas, Emilia"]
[Result "0-1"]
[WhiteTitle "WCM"]
[WhiteElo "1947"]
[BlackElo "2061"]
[WhiteTeam "Canada"]
[BlackTeam "Chile"]
[WhiteFideId "2601826"]
[BlackFideId "3400727"]
[EventDate "2012.08.28"]

1. Nf3 Nf6 2. b3 g6 3. Bb2 Bg7 4. e3 O-O 5. Be2 d6 6. d4 c5 7. O-O Qc7 8. c4 Bf5
9. Nc3 a6 10. Rc1 Rd8 11. Nd2 Nc6 12. e4 Bc8 13. Nf3 Bg4 14. Nd5 Qa5 15. Bc3 Qa3
16. Nb6 Rab8 17. d5 Nb4 18. Na4 Nxe4 19. Nd2 Nxc3 20. Nxc3 Bf5 21. g4 Bd7 22.
Ndb1 Qb2 23. a3 Na2 24. Nxa2 Qxa2 25. Qd3 b5 26. Qe4 Qxb3 27. Qxe7 Qh3 28. Rc2
Be5 29. f4 Bd4+ 30. Rf2 Bxg4 31. Qg5 Bf5 32. Rc1 Qe3 33. Rf1 Bxb1 0-1

[Event "40th Olympiad Women"]
[Site "Istanbul TUR"]
[Date "2012.09.09"]
[Round "11.28"]
[Board "4"]
[White "Reyes Jara, Paula"]
[Black "Botez, Alexandra"]
[Result "1-0"]
[BlackTitle "WCM"]
[WhiteElo "2115"]
[BlackElo "2009"]
[WhiteTeam "Chile"]
[BlackTeam "Canada"]
[WhiteFideId "3403920"]
[BlackFideId "2603365"]
[EventDate "2012.08.28"]

1. e4 e6 2. d4 d5 3. exd5 exd5 4. Qf3 Nf6 5. Bg5 Be7 6. h3 Nc6 7. Ne2 O-O 8. a3
Ne4 9. Be3 Bf6 10. Nd2 Nxd2 11. Kxd2 Re8 12. Rd1 b5 13. Kc1 b4 14. a4 b3 15. c3
Na5 16. Nf4 Be6 17. Nh5 Bh4 18. Bb5 Rf8 19. Bd3 a6 20. Nxg7 Kxg7 21. Qh5 Rh8 22.
Bh6+ Kg8 23. g3 Bf6 24. f4 Bg7 25. f5 Bc8 26. Rhe1 Bb7 27. Re8+ Qxe8 28. Qg5
Qe3+ 29. Qxe3 Kf8 30. Bxg7+ Kxg7 31. Qg5+ Kf8 32. Re1 h6 33. Qe7+ Kg8 34. f6 Bc6
35. Qxc7 1-0

[Event "40th Olympiad Women"]
[Site "Istanbul TUR"]
[Date "2012.09.09"]
[Round "11.29"]
[Board "1"]
[White "Cordero, Daniela"]
[Black "Hamza, Amira"]
[Result "1-0"]
[WhiteTitle "WIM"]
[BlackTitle "WCM"]
[WhiteElo "2055"]
[BlackElo "1840"]
[WhiteTeam "Bolivia"]
[BlackTeam "Algeria"]
[WhiteFideId "3301630"]
[BlackFideId "7901160"]
[EventDate "2012.08.28"]

1. d4 e6 2. Nf3 Nf6 3. e3 d5 4. c4 c5 5. a3 Nc6 6. dxc5 Bxc5 7. b4 Bb6 8. Bb2
dxc4 9. Nbd2 O-O 10. Bxc4 a6 11. O-O Qe7 12. Ne5 Nxe5 13. Bxe5 Rd8 14. Qe2 Bd7
15. Nb3 Bc6 16. Nd4 Bd5 17. Rac1 Nd7 18. Bg3 Bxd4 19. exd4 Nb6 20. Bd3 Rac8 21.
Qh5 g6 22. Qe2 Rxc1 23. Rxc1 Rc8 24. Rc5 Qg5 25. Qc2 Rc6 26. b5 axb5 27. Bxb5
Qg4 28. Bxc6 bxc6 29. h3 Qxd4 30. Ra5 h5 31. Qc5 Qe4 32. f3 Qb1+ 33. Kh2 Qb2 34.
Qf2 Qxf2 35. Bxf2 Nc4 36. Ra8+ Kg7 37. Bc5 e5 38. a4 Nb2 39. a5 Na4 40. Be3 c5
41. Rc8 Kf6 42. a6 Nb6 43. Rxc5 Ke6 44. a7 Na8 45. Kg3 e4 46. Rxd5 Kxd5 47. Kf4
exf3 48. gxf3 f6 49. h4 Nc7 50. Bb6 Na8 51. Bd8 Ke6 52. Ke4 f5+ 53. Kf4 Kd7 54.
Ba5 Ke6 55. Kg5 Kf7 56. Kh6 Kf6 57. f4 Kf7 58. Kh7 Kf6 59. Kg8 g5 60. fxg5+ Kg6
61. Kf8 f4 62. Ke7 f3 63. Be1 Nb6 64. Kd8 Na8 65. Kc8 Nb6+ 66. Kb7 Na8 67. Kxa8 1-0

[Event "40th Olympiad Women"]
[Site "Istanbul TUR"]
[Date "2012.09.09"]
[Round "11.29"]
[Board "2"]
[White "Latreche, Khadidja"]
[Black "Borda, Carla"]
[Result "0-1"]
[WhiteTitle "WCM"]
[BlackTitle "WCM"]
[WhiteElo "1889"]
[BlackElo "1977"]
[WhiteTeam "Algeria"]
[BlackTeam "Bolivia"]
[WhiteFideId "7901780"]
[BlackFideId "3301087"]
[EventDate "2012.08.28"]

1. e4 c6 2. d4 d5 3. e5 Bf5 4. h4 h6 5. c4 dxc4 6. Bxc4 e6 7. Nc3 Nd7 8. Nge2
Ne7 9. Ng3 Nb6 10. Bb3 Bh7 11. Be3 Ned5 12. a3 Be7 13. Qg4 Rg8 14. Nxd5 Nxd5 15.
Bxd5 Qa5+ 16. Bd2 Qxd5 17. O-O O-O-O 18. Bc3 f5 19. Qh3 f4 20. Nh5 Rdf8 21. Rfe1
Bg6 22. Nxf4 Rxf4 23. Qg3 Rgf8 24. Qxg6 Bxh4 25. g3 Qf3 26. Qxe6+ Kb8 27. Rf1
Rg4 28. Qd6+ Ka8 29. Be1 Bxg3 30. Qxf8+ Qxf8 31. fxg3 Qd8 32. Rd1 b6 33. Rf4
Rxf4 34. gxf4 Qd5 35. Bf2 Qf3 36. Re1 Qg4+ 37. Kf1 Qh3+ 38. Ke2 Qe6 39. Rg1 g6
40. Kd2 Kb7 41. Bh4 Qf5 42. Ke3 Qh3+ 43. Bg3 Kc7 44. Kd2 Kd7 45. Bf2 Qf3 46. Be3
Qe4 47. Rg3 Qb1 48. f5 Qxb2+ 49. Kd3 Qb3+ 50. Ke4 Qc2+ 51. Kf3 Qxf5+ 52. Ke2
Qc2+ 53. Bd2 Ke6 54. Rf3 Qc4+ 55. Ke3 Kd5 56. Rf4 g5 57. Rg4 c5 58. e6 cxd4+ 59.
Kf2 Kxe6 60. Re4+ Kf5 61. Re7 Qa2 62. Ke2 Qxa3 63. Rf7+ Kg4 64. Rf6 Qe7+ 0-1

[Event "40th Olympiad Women"]
[Site "Istanbul TUR"]
[Date "2012.09.09"]
[Round "11.29"]
[Board "3"]
[White "Estrada, Lucia"]
[Black "Latreche, Sabrina"]
[Result "1/2-1/2"]
[WhiteTitle "WIM"]
[BlackTitle "WIM"]
[WhiteElo "2026"]
[BlackElo "1949"]
[WhiteTeam "Bolivia"]
[BlackTeam "Algeria"]
[WhiteFideId "3301923"]
[BlackFideId "7901798"]
[EventDate "2012.08.28"]

1. d4 Nf6 2. Nf3 e6 3. e3 d5 4. Bd3 c5 5. b3 Nc6 6. Bb2 Qc7 7. a3 cxd4 8. exd4
Bd6 9. Qe2 a6 10. Nbd2 O-O 11. Ne5 Ne7 12. O-O Ng6 13. f4 b5 14. g4 Re8 15. g5
Nd7 16. Qh5 Ndf8 17. Rf3 f5 18. gxf6 gxf6 19. Kh1 fxe5 20. fxe5 Bxe5 21. dxe5
Bb7 22. Bd4 Re7 23. Rg1 Rg7 24. Rfg3 Rd8 25. Qh3 Rdd7 26. Qh6 Rdf7 27. Nf3 Qe7
28. b4 Qc7 29. h4 Qe7 30. Bc5 Qd7 31. h5 Rxf3 32. Rxf3 d4 33. hxg6 Bxf3+ 34. Kh2
Nxg6 35. Bxg6 hxg6 36. Rxg6 Bd5 37. Rf6 Qe8 38. Rf8+ Qxf8 39. Bxf8 Kxf8 40. Qf6+
Kg8 41. Qd8+ Kh7 42. Qh4+ Kg8 43. Qxd4 Rg2+ 44. Kh3 Rxc2 45. Qg4+ Kf8 46. Qf4+
Ke8 47. Qd4 Rc4 48. Qd3 Re4 49. Qg3 Kd7 50. Qg7+ Kc8 51. Qf8+ Kb7 52. Qe7+ Kb6
53. Qc5+ Kb7 54. Qe7+ Kb6 55. Qc5+ Kb7 56. Qe7+ 1/2-1/2

[Event "40th Olympiad Women"]
[Site "Istanbul TUR"]
[Date "2012.09.09"]
[Round "11.30"]
[Board "1"]
[White "Lujan, Carolina"]
[Black "Fierro Baquero, Martha L."]
[Result "1/2-1/2"]
[WhiteTitle "IM"]
[BlackTitle "IM"]
[WhiteElo "2368"]
[BlackElo "2384"]
[WhiteTeam "Argentina"]
[BlackTeam "Ecuador"]
[WhiteFideId "109878"]
[BlackFideId "3600270"]
[EventDate "2012.08.28"]

1. e4 c5 2. Nf3 Nc6 3. d4 cxd4 4. Nxd4 g6 5. c4 Nf6 6. Nc3 Nxd4 7. Qxd4 d6 8.
Be3 Bg7 9. f3 O-O 10. Qd2 Be6 11. Rc1 Qa5 12. b3 Rfc8 13. Nb5 Qxd2+ 14. Kxd2 a6
15. Nd4 Bd7 16. Bd3 b5 17. cxb5 axb5 18. Rxc8+ Bxc8 19. Rc1 Rxa2+ 20. Rc2 Rxc2+
21. Kxc2 e5 22. Nxb5 d5 23. Bc5 Bf8 24. b4 dxe4 25. fxe4 Nd7 26. Bxf8 Kxf8 27.
Nd6 Nb6 28. Nxc8 Nxc8 29. Kc3 Nb6 30. b5 Ke7 31. Kb4 1/2-1/2

[Event "40th Olympiad Women"]
[Site "Istanbul TUR"]
[Date "2012.09.09"]
[Round "11.30"]
[Board "2"]
[White "Moncayo Romero, Evelyn"]
[Black "Amura, Claudia"]
[Result "1-0"]
[WhiteTitle "WIM"]
[BlackTitle "WGM"]
[WhiteElo "2163"]
[BlackElo "2351"]
[WhiteTeam "Ecuador"]
[BlackTeam "Argentina"]
[WhiteFideId "3600424"]
[BlackFideId "100536"]
[EventDate "2012.08.28"]

1. e4 c5 2. Nf3 Nc6 3. d4 cxd4 4. Nxd4 Nf6 5. Nc3 e5 6. Ndb5 d6 7. Bg5 a6 8. Na3
b5 9. Nd5 Be7 10. Bxf6 Bxf6 11. c4 Bg5 12. cxb5 Qa5+ 13. Nc3 Nd4 14. h4 Bh6 15.
Nc2 Nxc2+ 16. Qxc2 O-O 17. bxa6 f5 18. b4 Qd8 19. b5 fxe4 20. Bc4+ Kh8 21. Bd5
Ra7 22. Bxe4 Raf7 23. f3 Be6 24. Rd1 Qb6 25. Qd3 Bf4 26. Ke2 Qa5 27. g3 Bxg3 28.
Rd2 Qb6 29. Nd1 Rc8 30. Ne3 Bf4 31. Bd5 Bxe3 32. Bxe6 Bxd2 33. Bxc8 Bf4 34. Bb7
Rc7 35. Bc6 Qc5 36. Rd1 Rf7 37. Bd5 Rf6 38. h5 Rh6 39. Rh1 g6 40. a4 gxh5 41.
Be4 h4 42. b6 Rh5 43. a7 Rg5 44. a8=Q+ Kg7 45. Qc6 Rg2+ 46. Kd1 1-0

[Event "40th Olympiad Women"]
[Site "Istanbul TUR"]
[Date "2012.09.09"]
[Round "11.30"]
[Board "3"]
[White "Plazaola, Maria De Los Angeles"]
[Black "Vasquez Ramirez, Rocio"]
[Result "0-1"]
[WhiteTitle "WIM"]
[BlackTitle "WIM"]
[WhiteElo "2164"]
[BlackElo "2132"]
[WhiteTeam "Argentina"]
[BlackTeam "Ecuador"]
[WhiteFideId "113395"]
[BlackFideId "3600750"]
[EventDate "2012.08.28"]

1. e4 c5 2. c3 e6 3. d4 cxd4 4. cxd4 d5 5. exd5 exd5 6. Nc3 Nf6 7. Bd3 Nc6 8.
Nge2 Bd6 9. Bg5 O-O 10. Qd2 Re8 11. O-O Be7 12. Rac1 Bg4 13. f3 Be6 14. Rfd1 a6
15. Kh1 Rc8 16. Na4 h6 17. Bh4 Bb4 18. Nac3 b5 19. a4 Bxc3 20. bxc3 Na5 21. Rb1
g5 22. Bf2 Nc4 23. Bxc4 bxc4 24. Ng3 Nd7 25. Re1 Qf6 26. Re2 Rb8 27. Rbe1 Rb3
28. Nf1 Reb8 29. Bg3 R8b6 30. f4 Rb1 31. Rf2 Qg6 32. h3 Nf6 33. Kh2 Ne4 34. Rxe4
Qxe4 35. fxg5 R6b2 36. Qxb2 Rxb2 37. Rxb2 Qd3 38. Kg1 Qxc3 39. Rb8+ Kh7 40. Be5
f6 41. gxf6 Qe1 42. Rb7+ Kg6 43. Rg7+ Kf5 44. f7 Bxf7 45. Rxf7+ Ke6 46. Rf3 c3
47. Re3 Qa1 48. Re2 Qd1 49. Kf2 c2 50. Bf4+ Kf7 51. Bxh6 Qxd4+ 52. Be3 Qb2 53.
g4 d4 54. Bd2 c1=Q 55. Bxc1 Qxc1 56. Kg3 Qc3+ 57. Kg2 Qc6+ 58. Kg3 Qxa4 59. Rf2+
Kg7 60. h4 Qb3+ 61. Rf3 Qb8+ 62. Kf2 Qb2+ 63. Kg3 Qe2 64. Rf2 Qe5+ 65. Kg2 a5
66. Nd2 a4 67. Nf3 Qd5 68. Kg3 a3 69. h5 a2 70. Rf1 Qd6+ 71. Kg2 Qa6 72. Ra1
Qe2+ 73. Kg3 d3 74. g5 Qb2 75. h6+ Kh7 76. Re1 a1=Q 77. Re7+ Kg6 78. Re6+ Kf7
79. Rf6+ Qxf6 0-1

[Event "40th Olympiad Women"]
[Site "Istanbul TUR"]
[Date "2012.09.09"]
[Round "11.31"]
[Board "1"]
[White "Zozulia, Anna"]
[Black "Mazariego-K., Carolina"]
[Result "1-0"]
[WhiteTitle "IM"]
[BlackTitle "WIM"]
[WhiteElo "2346"]
[BlackElo "2062"]
[WhiteTeam "Belgium"]
[BlackTeam "Guatemala"]
[WhiteFideId "14102110"]
[BlackFideId "7300115"]
[EventDate "2012.08.28"]

1. e4 e5 2. Nf3 Nc6 3. Nc3 Bc5 4. Bb5 a6 5. Ba4 Nf6 6. O-O O-O 7. Nxe5 Nxe5 8.
d4 Bd6 9. f4 Nc6 10. e5 Be7 11. d5 Bc5+ 12. Kh1 Nxd5 13. Qxd5 Ba7 14. f5 Ne7 15.
Qd3 b5 16. Bb3 b4 17. f6 bxc3 18. fxg7 Kxg7 19. Bg5 Qe8 20. Bf6+ Kg8 21. Qh3 1-0

[Event "40th Olympiad Women"]
[Site "Istanbul TUR"]
[Date "2012.09.09"]
[Round "11.31"]
[Board "2"]
[White "Sotomayor Villatoro, Silvi"]
[Black "Baekelant, Eva"]
[Result "0-1"]
[WhiteTitle "WIM"]
[BlackTitle "WFM"]
[WhiteElo "1885"]
[BlackElo "2128"]
[WhiteTeam "Guatemala"]
[BlackTeam "Belgium"]
[WhiteFideId "7301057"]
[BlackFideId "210030"]
[EventDate "2012.08.28"]

1. d4 Nf6 2. e3 g6 3. Bd3 Bg7 4. f4 c5 5. c3 d6 6. Nf3 Nc6 7. O-O O-O 8. Nbd2 e5
9. Bb5 Ng4 10. Nb3 e4 11. Ng5 cxd4 12. exd4 Nf6 13. d5 Ne7 14. Kh1 h6 15. Nh3
Bxh3 16. gxh3 Qc8 17. Kg2 Nexd5 18. Nd4 Ne7 19. Be2 a6 20. Be3 Nfd5 21. Qd2
Nxe3+ 22. Qxe3 d5 23. Rad1 Qd7 24. Bg4 Qa4 25. a3 h5 26. Be2 Bxd4 27. cxd4 Nf5
28. Qd2 Rac8 29. Rc1 Qxd4 30. Qxd4 Nxd4 31. Kf2 Nb3 32. Rxc8 Rxc8 33. Bd1 Nc1
34. Rg1 d4 35. f5 Nd3+ 36. Kg3 Rc1 37. fxg6 Nxb2 38. gxf7+ Kf8 39. Rg2 Nxd1 40.
Kf4 e3 41. Ke4 e2 42. Ke5 0-1

[Event "40th Olympiad Women"]
[Site "Istanbul TUR"]
[Date "2012.09.09"]
[Round "11.31"]
[Board "3"]
[White "Goossens, Hanne"]
[Black "Mencos, Claudia"]
[Result "1-0"]
[BlackTitle "WIM"]
[WhiteElo "1998"]
[BlackElo "2035"]
[WhiteTeam "Belgium"]
[BlackTeam "Guatemala"]
[WhiteFideId "200468"]
[BlackFideId "7300573"]
[EventDate "2012.08.28"]

1. e4 c5 2. Nf3 e6 3. d4 cxd4 4. Nxd4 a6 5. Bd3 Bc5 6. Nb3 Ba7 7. Qg4 Nf6 8. Qg3
d6 9. Nc3 Nc6 10. Bg5 Ne5 11. h3 h6 12. Bxf6 Qxf6 13. f4 Ng6 14. Rf1 Qh4 15.
Qxh4 Nxh4 16. g3 Ng6 17. O-O-O Nf8 18. Be2 Ke7 19. Na5 Bb6 20. Nc4 Bc7 21. a4 b6
22. Bf3 Rb8 23. e5 d5 24. Bxd5 b5 25. axb5 axb5 26. Nd6 b4 27. Ncb5 Bxd6 28.
exd6+ Kd7 29. Bc4 Ba6 30. Na3 bxa3 31. Bxa6 axb2+ 32. Kb1 Nh7 33. c4 Nf6 34.
Bb5+ Rxb5 35. cxb5 Rb8 36. Rd2 Rxb5 37. Rxb2 Rxb2+ 38. Kxb2 Kxd6 39. Kc2 h5 40.
Kd3 e5 41. f5 Kd5 42. Ra1 e4+ 43. Ke3 Ke5 44. Ra7 Kxf5 45. Rxf7 g6 46. Kd4 Ke6
47. Ra7 Kf5 48. Ra5+ Ke6 49. Re5+ Kf7 50. Ke3 Kg7 51. Kf4 Kh6 52. Ra5 Nh7 53.
Ra6 Ng5 54. h4 Nh3+ 55. Kxe4 Nf2+ 56. Ke5 Ng4+ 57. Ke6 Kg7 58. Ra7+ Kh6 59. Kf7
Kh7 60. Re7 Nh2 61. Kf8+ Kh6 62. Kg8 1-0

[Event "40th Olympiad Women"]
[Site "Istanbul TUR"]
[Date "2012.09.09"]
[Round "11.32"]
[Board "1"]
[White "Zepeda, Lorena"]
[Black "Vovk, Oksana"]
[Result "1-0"]
[WhiteTitle "WIM"]
[BlackTitle "WIM"]
[WhiteElo "2139"]
[BlackElo "2159"]
[WhiteTeam "El Salvador"]
[BlackTeam "Denmark"]
[WhiteFideId "6700233"]
[BlackFideId "1404695"]
[EventDate "2012.08.28"]

1. e4 e6 2. d3 d5 3. Nd2 Nf6 4. Ngf3 b6 5. c3 c5 6. g3 Be7 7. Qa4+ Qd7 8. Qc2
dxe4 9. dxe4 Nc6 10. a4 Bb7 11. Be2 O-O 12. O-O Rad8 13. e5 Nd5 14. Nc4 f5 15.
exf6 gxf6 16. Bh6 Rfe8 17. Rad1 Qc7 18. Qe4 Bf8 19. Bxf8 Kxf8 20. Ne3 Nxc3 21.
bxc3 Nd4 22. Rxd4 cxd4 23. Qh4 dxe3 24. Qxf6+ Kg8 25. Qg5+ Qg7 26. Qxe3 Bxf3 27.
Bxf3 Rc8 28. Rc1 Rc5 29. h4 Qe5 30. Qd3 Rec8 31. c4 Rf8 32. Be4 Rf7 33. Kg2 Qf6
34. Rc2 Rg7 35. Kh2 Rh5 36. Bg2 Qf5 37. Qd8+ Qf8 38. Qd3 Qb8 39. Kg1 Re5 40. Kh2
Qc7 41. Rd2 Ra5 42. Qe4 Kf7 43. Bh3 Rg6 44. h5 Rh6 45. Bxe6+ Kf6 46. Qf3+ Kxe6
47. Qe3+ Kf7 48. Qxh6 Qxc4 49. Qxh7+ Ke8 50. Qg6+ Ke7 51. Qg7+ Ke8 52. Qh8+ Ke7
53. Qd8+ Kf7 54. Rd7+ Ke6 55. Re7+ Kf5 56. Qf8+ Kg5 57. Rg7+ 1-0

[Event "40th Olympiad Women"]
[Site "Istanbul TUR"]
[Date "2012.09.09"]
[Round "11.32"]
[Board "2"]
[White "Guindy, Esmat"]
[Black "Sanchez, Ingrid"]
[Result "0-1"]
[WhiteTitle "WFM"]
[BlackTitle "WCM"]
[WhiteElo "2132"]
[BlackElo "1992"]
[WhiteTeam "Denmark"]
[BlackTeam "El Salvador"]
[WhiteFideId "1401637"]
[BlackFideId "6700217"]
[EventDate "2012.08.28"]

1. d4 d5 2. c4 e6 3. Nc3 Nf6 4. Bg5 Be7 5. e3 O-O 6. cxd5 exd5 7. Qc2 b6 8. Bd3
Nbd7 9. Nge2 c5 10. O-O Bb7 11. Rad1 h6 12. Bh4 Ne4 13. Bxe4 dxe4 14. Bg3 Rc8
15. d5 f5 16. Nf4 Qe8 17. Ne6 Rf6 18. Nc7 Qf7 19. Qa4 Bd6 20. Bxd6 Rxd6 21. Qxa7
Ne5 22. N3b5 Rg6 23. Qxb7 Nf3+ 24. Kh1 Rxg2 25. Qxc8+ Kh7 26. Kxg2 Qg6+ 27. Kh1
Qh5 28. Qxf5+ Qxf5 29. Rg1 Nxg1 30. Rxg1 Qxf2 31. h3 Qxe3 32. Rg2 Qxh3+ 33. Kg1
Qf3 34. Nc3 Qe3+ 35. Kh1 Qc1+ 36. Rg1 Qxb2 37. N7b5 e3 38. Rg2 Qb4 39. Re2 Qh4+
40. Kg2 Qg4+ 41. Kh2 h5 42. d6 g5 43. Rg2 Qh4+ 44. Kg1 g4 45. Ne4 Qe1+ 46. Kh2
e2 47. Ng3 Qxg3+ 48. Rxg3 e1=Q 49. a4 Qd1 50. Rg1 Qxa4 51. Re1 Qxb5 52. Re7+ Kg6
53. d7 Qd3 0-1

[Event "40th Olympiad Women"]
[Site "Istanbul TUR"]
[Date "2012.09.09"]
[Round "11.32"]
[Board "3"]
[White "Avelar, Gabriela"]
[Black "Fredericia, Louise"]
[Result "0-1"]
[WhiteTitle "WFM"]
[BlackTitle "WFM"]
[WhiteElo "1939"]
[BlackElo "2091"]
[WhiteTeam "El Salvador"]
[BlackTeam "Denmark"]
[WhiteFideId "6700667"]
[BlackFideId "1404113"]
[EventDate "2012.08.28"]

1. e4 c5 2. Nf3 Nc6 3. Bb5 g6 4. Bxc6 bxc6 5. d3 Bg7 6. O-O d6 7. Nc3 Rb8 8. h3
e5 9. Rb1 Ne7 10. Be3 O-O 11. Qd2 Qe8 12. Bh6 f6 13. Bxg7 Kxg7 14. Nh2 g5 15.
Ne2 Be6 16. b3 h5 17. c3 Qg6 18. Qe3 f5 19. g4 hxg4 20. hxg4 fxg4 21. Qg3 Qh5
22. Kg2 Ng6 23. Rg1 Rf6 24. Rh1 Rbf8 25. Qe3 Qh3+ 26. Kg1 Nh4 27. Qxh3 gxh3 28.
Rf1 Rf3 29. Ng3 Rxd3 30. Re1 Rxc3 31. Kf1 Rxg3 0-1

[Event "40th Olympiad Women"]
[Site "Istanbul TUR"]
[Date "2012.09.09"]
[Round "11.32"]
[Board "4"]
[White "Jorgensen, Carina Eilegaard"]
[Black "Garcia, Alcira"]
[Result "1-0"]
[WhiteElo "2012"]
[BlackElo "1782"]
[WhiteTeam "Denmark"]
[BlackTeam "El Salvador"]
[WhiteFideId "1419897"]
[BlackFideId "6702945"]
[EventDate "2012.08.28"]

1. c4 c5 2. g3 Nf6 3. Bg2 d5 4. cxd5 Nxd5 5. Nc3 Nxc3 6. bxc3 e5 7. d3 Nc6 8.
Nf3 Bd6 9. O-O O-O 10. Ng5 Qc7 11. Ne4 Be7 12. f4 f5 13. Ng5 h6 14. Qb3+ Kh8 15.
Ne6 Bxe6 16. Qxe6 Rf6 17. Qb3 Bd6 18. fxe5 Bxe5 19. Bf4 b6 20. e4 fxe4 21. Bxe5
Qxe5 22. Rxf6 Qxf6 23. Rf1 Qd6 24. Bxe4 Rd8 25. Qf7 Ne5 26. Qf5 g6 27. Qf6+ Qxf6
28. Rxf6 Kg7 29. Re6 Nxd3 30. Rxg6+ Kf7 31. Rxh6 c4 32. Rh7+ Ke6 33. Rxa7 Nc5
34. Bh7 b5 35. Ra5 Rb8 36. Bc2 Nd3 37. a3 Ke5 38. a4 Ke4 39. Rxb5 Rf8 40. Rc5
Ke3 41. Rxc4 Ne1 42. Bd1 1-0

[Event "40th Olympiad Women"]
[Site "Istanbul TUR"]
[Date "2012.09.09"]
[Round "11.33"]
[Board "2"]
[White "Thorsteinsdottir, Hallgerdur"]
[Black "Pasku, Roela"]
[Result "0-1"]
[BlackTitle "WFM"]
[WhiteElo "1957"]
[BlackElo "1915"]
[WhiteTeam "Iceland"]
[BlackTeam "Albania"]
[WhiteFideId "2302454"]
[BlackFideId "4700708"]
[EventDate "2012.08.28"]

1. e4 d6 2. d4 g6 3. Nc3 Bg7 4. f4 Nf6 5. Nf3 c5 6. Be3 cxd4 7. Nxd4 O-O 8. Be2
b6 9. e5 dxe5 10. fxe5 Nd5 11. Nxd5 Qxd5 12. Bf3 Qxe5 13. Qd2 Bh6 14. Kf2 Bxe3+
15. Qxe3 Qf6 16. Kg1 e5 17. Bxa8 exd4 18. Qf3 Qg5 19. Re1 Be6 20. a3 Qc5 21. Qf2
Nd7 22. Be4 Ne5 23. Bd3 Nxd3 24. cxd3 Bf5 25. Qd2 Rc8 26. h3 Qc2 27. Rd1 Qb3 28.
g4 Rc2 29. Qb4 Qd5 30. Rh2 Qf3 31. Qe1 Rxh2 32. Kxh2 Be6 33. Rd2 Qf4+ 34. Kg1
Qf3 35. Qf1 Qe3+ 36. Rf2 Qg3+ 37. Qg2 Qxd3 38. Rd2 Qe3+ 39. Qf2 Qxh3 40. g5 d3
41. Qf4 Qf5 42. Qb8+ Kg7 43. Qd8 Qc5+ 44. Kh2 Qe5+ 45. Kg2 Bd5+ 46. Kf1 Qf4+ 47.
Ke1 Qg3+ 48. Kf1 Qf3+ 49. Ke1 Qh1+ 50. Kf2 Qg2+ 51. Ke3 Qf3+ 52. Kd4 Qe4+ 0-1